Underwhelmed - Sloan (Lyrics) - Statistics

General Stats
  • This quiz has been taken 20 times
  • The average score is 291 of 356
Answer Stats
Answer % Correct
a
100%
an
100%
are
100%
eyes
100%
her
100%
Her
100%
I
100%
if
100%
in
100%
it
100%
it,
100%
know
100%
looked
100%
my
100%
on
100%
one
100%
One
100%
people
100%
said,
100%
She
100%
she
100%
that
100%
That
100%
that,
100%
The
100%
the
100%
up
100%
was
100%
"You
100%
you"
100%
young
100%
about
83%
and
83%
And
83%
beautiful
83%
But
83%
but
83%
'cause
83%
'Cause
83%
cause
83%
don't
83%
drink
83%
funny"
83%
go
83%
good
83%
I'm
83%
is
83%
just
83%
like
83%
me
83%
mine
83%
"Nevermind"
83%
not,
83%
not
83%
of
83%
overwhelmed,
83%
rolled
83%
school
83%
skills
83%
sure
83%
talkin'
83%
"Thank
83%
that's
83%
That's
83%
thing
83%
think
83%
to
83%
underwhelmed,
83%
We
83%
were
83%
word
83%
all
67%
All
67%
ass
67%
ate
67%
atrocious
67%
attend
67%
back
67%
between
67%
classes
67%
down
67%
eat
67%
felt
67%
for
67%
gets
67%
got
67%
grade
67%
grades
67%
grammar
67%
had
67%
heart
67%
hers
67%
included
67%
it's
67%
It's
67%
"It's
67%
learned
67%
life
67%
lines
67%
loosen
67%
love
67%
meat
67%
miss
67%
okay,"
67%
or
67%
out
67%
point
67%
point,
67%
rain
67%
read
67%
shine
67%
skips
67%
smoke
67%
somethin'
67%
spelling's
67%
story
67%
things
67%
those
67%
time
67%
told
67%
two
67%
way
67%
what
67%
When
67%
when
67%
while
67%
While
67%
wrote
67%
you're
67%
affection
50%
annoying
50%
caught
50%
certainly
50%
courses
50%
cursed
50%
dealin'
50%
Especially
50%
feeling
50%
F's
50%
L.C.
50%
little
50%
makes
50%
notice
50%
obviously
50%
person
50%
proud
50%
R's,
50%
R's
50%
says
50%
triviality
50%
usually
50%
with
50%
hey
33%
passin'
33%
She's
33%
tell
33%
thinks
33%
exactly
17%
mister
17%
really
17%
wanna
17%
No matching quizzes found
Score Distribution
Percent of People with Each Score
Percentile by Number Answered
Your Score History
You have not taken this quiz